000 00774nam a22002417a 4500
003 DO-SdBNP
005 20240530073925.0
008 210723b 2017 dr 00| 0 eng d
040 _aDO-SdBNP
_bspa
_cBNPHU
082 4 _aRD863.44
_bM828c 2017
_222
100 1 _aMorale, Jesús,
_965164
_d1980-
245 1 0 _aCondenados a vivir /
_cJesús Morales.
246 1 4 _aCondenados a vivir :
_buna historia de amor
250 _a18va. ed.
260 _aSanto Domingo :
_bCentenario,
_c2017.
300 _a100 p. ;
_c21 cm.
500 _aIncluye datos biográficos del autor en la contracubierta.
590 _aInventariado, 2021/LP
650 0 _aNovela dominicana
_9223
650 0 _aLiteratura dominicana.
_967
910 _aValidado. Control de calidad MFF
942 _2ddc
_cLBS1
999 _c50166
_d50166